| 000 | 00749nam a2200205 i 4500 | ||
|---|---|---|---|
| 001 | 178902 | ||
| 003 | ES-MaACL | ||
| 005 | 20230906220623.0 | ||
| 007 | t| | ||
| 008 | 110808s1875 fr ||||1| fre d | ||
| 100 | 1 |
_aBagehot, Walter. _924629 |
|
| 245 | 1 | 0 |
_aLois scientifiques du développement des nations dans leurs rapports avec les principes de la sélection naturelle et de l'hérédité / _cpar W. Bagehot. |
| 250 | _a2em. ed. | ||
| 260 |
_aParís : _bGermer Baillière, _c1875 ( _eCoulommiers : _fA. Moussin) |
||
| 300 |
_a243 p. ; _c22 cm. |
||
| 490 | 1 |
_aBibliothèque scientifique internationale ; _v2 |
|
| 830 | 0 |
_aBibliothèque scientifique internationale ; _v2 _9186949 |
|
| 852 |
_aES-MaACL _jF-14333 |
||
| 999 |
_c178902 _d178902 |
||